Normal view
MARC view
- Compact discs
Entry Genre/Form Term
001 - CONTROL NUMBER
- control field: 104792
003 - CONTROL NUMBER IDENTIFIER
- control field: NUST
005 - DATE AND TIME OF LATEST TRANSACTION
- control field: 20221213181124.0
008 - FIXED-LENGTH DATA ELEMENTS
- fixed length control field: 221213|| aca||aabn | a|a d
040 ## - CATALOGING SOURCE
- Original cataloging agency: NUST
- Transcribing agency: NUST
155 ## - HEADING--GENRE/FORM TERM
- Genre/form term: Compact discs
670 ## - SOURCE DATA FOUND
- Source citation: Work cat.: (NUST)0: Friedman, Thomas L., author, narrator. 10417, Thank you for being late :
